000 02248nam0a2200361 4500
001 RU\NLR\bibl\1084934
005 20260405103608.0
010 _a5-94211-285-1
_9200
021 _aRU
_b2007-18334
_9973
035 _a(nilc)RSL-KNO-003085737
035 _a(NLR Aleph) 001072097
090 _a1005227
_c1005227
100 _a20070404d2006 |||y0rusy50 ca
101 0 _arus
102 _aRU
105 _aa zzzz|||||
200 1 _aРегиональная геология
_eкраткий очерк геологического строения континентальной части России
_eучебное пособие
_fЕ. Д. Михайлова, А. Х. Кагарманов, Н. Г. Чочиа
_gФедеральное агентство по образованию, Гос. образовательное учреждение высш. проф. образования Санкт-Петербургский гос. горный ин-т им. Г. В. Плеханова (техн. ун-т)
210 _aСанкт-Петербург
_cСанкт-Петербургский горный ин-т
_d2006
215 _a64, [1] с.
_cил.
_d29
320 _aБиблиогр.: с. 63 (15 назв.)
606 1 _aГеологическое строение
_jУчебные издания для высших учебных заведений
_yРоссийская Федерация
_92407156
_3RU\NLR\auth\661434499
610 0 _aНауки о Земле -- Региональный раздел наук о Земле -- Российская Федерация -- Геологическая характеристика -- Учебник для высшей школы
686 _aД9(2Р)3я73-1
_2rubbk
686 _aД59(2Р)я73
700 1 _4070
_8rus
_7ca
_aМихайлова
_bЕ. Д.
_cд-р геол.-минерал. наук
_gЕлена Дмитриевна
_3RU\NLR\auth\7739209
_922193
701 1 _aКагарманов
_bА. Х.
_gАртур Хасенбекович
_4070
701 1 _aЧочиа
_bН. Г.
_gНиколай Григорьевич
_4070
801 0 _aRU
_bРКП
_c20070404
_grcr
801 1 _aRU
_bРГБ
_c20070404
801 2 _aRU
_bNLR
_c20070511
_grcr
942 _cBOOK
980 _aNB